[Event "26th WSCC 2016 Open 65+"]
[Site "Marianske Lazne, Czech Republic - Hotel Cristal and Continental"]
[Date "2016.11.19"]
[Round "1.105"]
[White "Birkestrand, Odd"]
[Black "Dahlhaus, Friedhelm"]
[Result "1/2-1/2"]
[WhiteElo "1703"]
[BlackElo "2052"]
[PlyCount "67"]
[EventDate "2016.11.19"]

1. e4 e5 2. Nf3 Nc6 3. Bc4 Bc5 4. c3 Nf6 5. O-O Nxe4 6. Bd5 Nf6 7. Bxc6 dxc6 8.
Nxe5 O-O 9. d4 Bd6 10. Bg5 c5 11. Nc4 Be6 12. Nxd6 Qxd6 13. dxc5 Qxc5 14. Bxf6
gxf6 15. Qf3 Qg5 16. Qg3 Rfd8 17. h4 Qxg3 18. fxg3 Rd3 19. Kh2 Kg7 20. Na3 Rd2
21. b3 Bd5 22. Rg1 Re8 23. Nb5 Ree2 24. Nd4 Rxg2+ 25. Rxg2 Rxg2+ 26. Kh3 Rf2
27. g4 c5 28. Nf5+ Kf8 29. Rd1 Bc6 30. Rd8+ Be8 31. Kg3 Rf1 32. Kg2 Rf4 33. Kg3
Rf1 34. Kg2 $11 1/2-1/2

[Event "26th WSCC 2016 Open 65+"]
[Site "Marianske Lazne, Czech Republic - Hotel Cristal and Continental"]
[Date "2016.11.19"]
[Round "1.106"]
[White "Schmieder, Siegfried"]
[Black "Kummer, Heinz"]
[Result "1/2-1/2"]
[WhiteElo "2052"]
[BlackElo "1702"]
[PlyCount "65"]
[EventDate "2016.11.19"]

1. e4 c5 2. Nc3 e6 3. Bc4 Nc6 4. Nf3 g6 5. a4 b6 6. O-O Bb7 7. d3 d6 8. Ne1 Nf6
9. Bg5 Be7 10. Bb3 Rc8 11. f4 h6 12. Bxf6 Bxf6 13. Nf3 O-O 14. Qd2 Qc7 15. g4
Nd4 16. Ba2 Be7 17. f5 exf5 18. gxf5 Nxf3+ 19. Rxf3 Bf6 20. Raf1 Qe7 21. Ne2
Qe5 22. Nc3 Bc6 23. Bc4 Bb7 24. Rg3 Kh7 25. Rff3 Rc7 26. Rh3 Rd8 27. Rh5 Re7
28. Rfh3 Rh8 29. Kf1 Kg8 30. Rg3 Kf8 31. Rhh3 Rd7 32. Rf3 Rd8 33. Rhg3 $11
1/2-1/2

[Event "26th WSCC 2016 Open 65+"]
[Site "Marianske Lazne, Czech Republic - Hotel Cristal and Continental"]
[Date "2016.11.19"]
[Round "1.107"]
[White "Svec, Ludek"]
[Black "Bondick, Karl-Heinz"]
[Result "1-0"]
[WhiteElo "1702"]
[BlackElo "2047"]
[PlyCount "71"]
[EventDate "2016.11.19"]

1. d4 d5 2. c4 e5 3. cxd5 Qxd5 4. Nf3 exd4 5. Qxd4 Nf6 6. Nc3 Qxd4 7. Nxd4 Bb4
8. a3 Bxc3+ 9. bxc3 a6 10. Bf4 Nd5 11. Bg3 c5 12. Nb3 c4 13. Nd2 b5 14. Rc1 Nc6
15. e4 Nb6 16. Be2 O-O 17. O-O Bb7 18. Bc7 Na4 19. e5 Nxe5 20. Bxe5 Rfe8 21.
Bf3 Rxe5 22. Bxb7 Rb8 23. Bf3 a5 24. Bd1 Nc5 25. Nf3 Rd5 26. Nd4 Nd3 27. Rb1 b4
28. axb4 axb4 29. Bf3 Rd6 30. Nc6 Rxc6 31. Bxc6 Rc8 32. Ba4 bxc3 33. Bc2 f5 34.
f4 Re8 35. g3 Re2 36. Rbc1 1-0

[Event "26th WSCC 2016 Open 65+"]
[Site "Marianske Lazne, Czech Republic - Hotel Cristal and Continental"]
[Date "2016.11.19"]
[Round "1.108"]
[White "Myall, Ivan J"]
[Black "Benes, Karel"]
[Result "1-0"]
[WhiteElo "2042"]
[BlackElo "1700"]
[PlyCount "45"]
[EventDate "2016.11.19"]

1. e4 e5 2. Nc3 c6 3. d4 exd4 4. Qxd4 d6 5. Nf3 Nd7 6. a4 Qf6 7. Be3 Qxd4 8.
Bxd4 Ngf6 9. Be2 Be7 10. O-O O-O 11. a5 Ng4 12. h3 Ngf6 13. a6 Nc5 14. Bxc5
dxc5 15. axb7 Bxb7 16. Rfd1 Rfd8 17. Rxd8+ Bxd8 18. Bc4 Nd7 19. Rd1 Nb6 20. Ba2
Be7 21. Ne5 Rd8 22. Rxd8+ Bxd8 23. Nxf7 1-0

[Event "26th WSCC 2016 Open 65+"]
[Site "Marianske Lazne, Czech Republic - Hotel Cristal and Continental"]
[Date "2016.11.19"]
[Round "1.109"]
[White "Klus, Jan"]
[Black "Gamboa Gonzalez, Anibal"]
[Result "0-1"]
[WhiteElo "1694"]
[BlackElo "2040"]
[PlyCount "86"]
[EventDate "2016.11.19"]

1. e4 Nf6 2. d3 d5 3. Nc3 c5 4. exd5 Nxd5 5. Nxd5 Qxd5 6. Nf3 Nc6 7. c4 Qd6 8.
Be2 e5 9. O-O Be7 10. a3 O-O 11. Be3 Bf5 12. Qc2 Rad8 13. Rad1 Rd7 14. h3 Qg6
15. Kh1 Rfd8 16. Ne1 h5 17. f3 $11 h4 18. Bf2 Nd4 19. Bxd4 Rxd4 20. Qb3 R8d7
21. Qc3 Qg3 22. f4 exf4 23. Rf3 Qg5 24. b4 b6 25. b5 Bf6 26. Qc2 Qh6 27. Rf1 g5
28. Bf3 Qg6 29. Bd5 R4xd5 30. cxd5 Rxd5 31. Qb3 Rd4 32. Nf3 Rxd3 33. Rxd3 Bxd3
34. Re1 c4 35. Qb4 g4 36. Ne5 Bxe5 37. Rxe5 gxh3 38. Re8+ Kh7 39. Qd2 Be4 40.
Kg1 Bxg2 41. Re5 Be4+ 42. Kf1 Bd3+ 43. Re2 Qg2+ 0-1

[Event "26th WSCC 2016 Open 65+"]
[Site "Marianske Lazne, Czech Republic - Hotel Cristal and Continental"]
[Date "2016.11.19"]
[Round "1.110"]
[White "Reynolds, D Ian W"]
[Black "Horak, Miroslav"]
[Result "1-0"]
[WhiteElo "2040"]
[BlackElo "1686"]
[PlyCount "53"]
[EventDate "2016.11.19"]

1. e4 c5 2. c3 Nf6 3. e5 Nd5 4. Nf3 e6 5. d4 cxd4 6. cxd4 Nc6 7. Bc4 Bb4+ 8.
Nbd2 Nde7 9. a3 Bxd2+ 10. Bxd2 d6 11. O-O dxe5 12. dxe5 Qc7 13. Qe2 O-O 14.
Rac1 Bd7 15. Rfe1 Rac8 16. Bd3 Qb8 17. Qe4 Ng6 18. h4 Nce7 19. h5 Bc6 20. Rxc6
Rxc6 21. Bb4 f5 22. exf6 Rxf6 23. Bxe7 Rf4 24. hxg6 Rxe4 25. Bxe4 Rb6 26. gxh7+
Kf7 27. Ne5+ 1-0

[Event "26th WSCC 2016 Open 65+"]
[Site "Marianske Lazne, Czech Republic - Hotel Cristal and Continental"]
[Date "2016.11.19"]
[Round "1.111"]
[White "Mohammadian, Mohammad"]
[Black "Leitner, Walter"]
[Result "0-1"]
[WhiteElo "1683"]
[BlackElo "2039"]
[PlyCount "100"]
[EventDate "2016.11.19"]

1. e4 c6 2. d4 d5 3. Nd2 dxe4 4. Nxe4 Nf6 5. Nxf6+ gxf6 6. Be3 Bf5 7. Qd2 e6 8.
O-O-O Nd7 9. Nf3 Qc7 10. Bc4 O-O-O 11. Bf4 Bd6 12. Bxd6 Qxd6 13. Qa5 Kb8 14. h3
Be4 15. Be2 Nb6 16. g3 Rd7 17. Rhg1 Rhd8 18. Qc3 Nd5 19. Qb3 Qb4 20. c3 Qa5 21.
Nd2 Bg6 22. Nc4 Qc7 23. Bf3 c5 24. dxc5 Qxc5 25. Rd4 Nb6 26. Rxd7 Rxd7 27. Ne3
Rd3 28. Re1 a5 29. a4 Ka7 30. h4 h6 31. Bg2 Rd6 32. Rd1 Rxd1+ 33. Qxd1 Qe7 34.
Qb3 Bd3 35. Qd1 Ba6 36. Qd4 Qd7 37. Qc5 Qxa4 38. Nc2 Qb5 39. Qd4 Qe5 40. Qxe5
fxe5 41. Ne3 f5 42. Kd2 Na4 43. Kc2 Nc5 44. Kd2 Nd3 45. Nd1 a4 46. Ke3 Nxb2 47.
Kd2 a3 48. Ne3 Nc4+ 49. Nxc4 a2 50. Nxe5 a1=Q 0-1

[Event "26th WSCC 2016 Open 65+"]
[Site "Marianske Lazne, Czech Republic - Hotel Cristal and Continental"]
[Date "2016.11.19"]
[Round "1.112"]
[White "Altshul, Raffael"]
[Black "Do Prado, Hamilton Mesquita"]
[Result "1/2-1/2"]
[WhiteElo "2037"]
[BlackElo "1672"]
[PlyCount "111"]
[EventDate "2016.11.19"]

1. c4 c5 2. g3 g6 3. Bg2 Bg7 4. Nc3 Nf6 5. Nh3 Nc6 6. Nf4 d6 7. a3 a6 8. Rb1
Rb8 9. b4 Bd7 10. O-O e6 11. b5 Ne7 12. d3 O-O 13. e3 Re8 14. a4 Qc7 15. Bb2 a5
16. Qd2 b6 17. Rfd1 Rbd8 18. Ne4 Nxe4 19. dxe4 e5 20. Ne2 Be6 21. Qc2 f5 22.
exf5 Bxf5 23. Be4 Rf8 24. Rd2 Bxe4 25. Qxe4 Rd7 26. Rbd1 Rfd8 27. Nc3 Kh8 28.
Nd5 Qb7 29. Qg2 Nxd5 30. Qxd5 Qxd5 31. Rxd5 Kg8 32. e4 g5 33. Bc1 Bf6 34. Kg2
Kf7 35. h3 Ke6 36. Be3 h5 37. Rh1 Rg8 38. f3 Rdg7 39. Rhd1 Be7 40. R1d2 Rf7 41.
Rf2 Rgg7 42. Rd1 h4 43. Rg1 Rg8 44. Kf1 Rgf8 45. Ke2 Rh7 46. Rfg2 Rhf7 47. Rf1
Rh8 48. Bf2 hxg3 49. Rxg3 Rfh7 50. Rh1 Kf7 51. Be3 Rg8 52. Kf2 Rh4 53. Rg4 Rh7
54. Kg2 Bf6 55. Rd1 Ke6 56. Rg1 1/2-1/2

[Event "26th WSCC 2016 Open 65+"]
[Site "Marianske Lazne, Czech Republic - Hotel Cristal and Continental"]
[Date "2016.11.19"]
[Round "1.113"]
[White "Svoboda, Zdenek"]
[Black "Kock, Hans-Uwe"]
[Result "0-1"]
[WhiteElo "1659"]
[BlackElo "2037"]
[PlyCount "70"]
[EventDate "2016.11.19"]

1. e4 c6 2. d4 d5 3. Nc3 dxe4 4. Nxe4 Nf6 5. Nxf6+ exf6 6. c3 Bd6 7. Bd3 O-O 8.
Ne2 Re8 9. h3 Nd7 10. Be3 Nf8 11. Qc2 Qc7 12. O-O-O Bd7 13. g3 b5 14. Bf4 Be6
15. a3 Bd5 16. Bxd6 Qxd6 17. Rhg1 a5 18. Nf4 b4 19. c4 Bf3 20. c5 Bxd1 21. Rxd1
Qc7 22. a4 Rad8 23. Ne2 Re7 24. Nf4 Kh8 25. Be4 Rde8 26. f3 Qa7 27. Bxc6 Rc8
28. d5 Nd7 29. Bxd7 Rxc5 30. Bc6 Rxc2+ 31. Kxc2 Rc7 32. Kb1 g5 33. Nh5 Qc5 34.
Nxf6 b3 35. Ne4 Qc2+ 0-1

[Event "26th WSCC 2016 Open 65+"]
[Site "Marianske Lazne, Czech Republic - Hotel Cristal and Continental"]
[Date "2016.11.19"]
[Round "1.114"]
[White "Zurel, Maxim"]
[Black "Bakalar, Jan"]
[Result "1/2-1/2"]
[WhiteElo "1635"]
[BlackElo "2033"]
[PlyCount "57"]
[EventDate "2016.11.19"]

1. e4 c5 2. Nf3 e6 3. Nc3 a6 4. Be2 Qc7 5. O-O b5 6. Qe1 Bb7 7. d3 g6 8. Bd2
Bg7 9. Qc1 Nc6 10. Re1 Rc8 11. Bd1 d6 12. Ne2 Nd4 13. Nexd4 cxd4 14. a4 e5 15.
axb5 axb5 16. Ra5 Bc6 17. Qa1 Nf6 18. Ra7 Qb8 19. Bb4 O-O 20. Qa3 Ne8 21. Be2
h6 22. Ra1 Bf6 23. Bd1 g5 24. Nd2 Bd8 25. Bg4 Rc7 26. Rxc7 Qxc7 27. Ba5 Qxa5
28. Qxa5 Bxa5 29. Rxa5 1/2-1/2

[Event "26th WSCC 2016 Open 65+"]
[Site "Marianske Lazne, Czech Republic - Hotel Cristal and Continental"]
[Date "2016.11.19"]
[Round "1.115"]
[White "Toefferl, Heimo"]
[Black "Zikavsky, Rudolf"]
[Result "1-0"]
[WhiteElo "2033"]
[BlackElo "1632"]
[PlyCount "49"]
[EventDate "2016.11.19"]

1. d4 Nf6 2. c4 e6 3. Nc3 Bb4 4. f3 c5 5. d5 d6 6. e4 O-O 7. Bd3 Re8 8. Nge2 e5
9. O-O Nbd7 10. Bd2 Ba5 11. Ng3 Nf8 12. Qe2 Ng6 13. Bc2 a6 14. Ba4 Re7 15. Bg5
Rc7 16. Nh5 Bd7 17. Bxd7 Rxd7 18. f4 h6 19. Bxf6 gxf6 20. f5 Nf4 21. Qg4+ Kf8
22. Qg7+ Ke7 23. Qxf6+ Kf8 24. Qh8+ Ke7 25. f6# 1-0

[Event "26th WSCC 2016 Open 65+"]
[Site "Marianske Lazne, Czech Republic - Hotel Cristal and Continental"]
[Date "2016.11.19"]
[Round "1.116"]
[White "Glacner, Karel"]
[Black "Hastik, Svatopluk"]
[Result "0-1"]
[WhiteElo "1629"]
[BlackElo "2023"]
[PlyCount "62"]
[EventDate "2016.11.19"]

1. Nf3 Nf6 2. g3 g6 3. Bg2 Bg7 4. c4 O-O 5. Nc3 d5 6. cxd5 Nxd5 7. Nxd5 Qxd5 8.
Nh4 Qd8 9. O-O e5 10. d3 c6 11. Bd2 Be6 12. h3 Nd7 13. Kh2 Nb6 14. Ba5 Qd7 15.
Qc1 Nd5 16. Bd2 f5 17. Nf3 f4 18. Ng5 h6 19. Nxe6 Qxe6 20. a3 g5 21. g4 Nf6 22.
Bf3 Rfd8 23. Rd1 Rd7 24. Qc4 Qxc4 25. dxc4 Rad8 26. Bc3 Rxd1 27. Rxd1 Rxd1 28.
Bxe5 Nxg4+ 29. Bxg4 Bxe5 30. Be6+ Kf8 31. b3 f3# 0-1

[Event "26th WSCC 2016 Open 65+"]
[Site "Marianske Lazne, Czech Republic - Hotel Cristal and Continental"]
[Date "2016.11.19"]
[Round "1.117"]
[White "Vladimirsky, Mark"]
[Black "Zak, Jiri"]
[Result "1/2-1/2"]
[WhiteElo "2023"]
[BlackElo "1628"]
[PlyCount "110"]
[EventDate "2016.11.19"]

1. d4 d5 2. c4 c6 3. Nc3 Nf6 4. Bg5 e6 5. e3 Be7 6. Nf3 Nbd7 7. Bd3 dxc4 8.
Bxc4 Nd5 9. Bxe7 Qxe7 10. O-O O-O 11. e4 N5f6 12. e5 Nd5 13. Nxd5 cxd5 14. Bd3
Nb6 15. Rc1 h6 16. Bb1 g6 17. h4 Kg7 18. g3 Qb4 19. h5 g5 20. Rc7 Nd7 21. Kg2
Rh8 22. b3 Qe7 23. Nh2 Qd8 24. Qc2 b6 25. Rc1 Ba6 26. Qc6 Rc8 27. Qd6 Nb8 28.
Bg6 Rf8 29. Qxd8 Rcxd8 30. Rxa7 Rd7 31. Rxd7 Nxd7 32. Bb1 Rc8 33. Rxc8 Bxc8 34.
Bd3 f6 35. Ng4 f5 36. Ne3 Nb8 37. b4 Bd7 38. b5 Be8 39. Bxf5 exf5 40. Nxf5+ Kh7
41. Nd6 Bd7 42. f4 Bg4 43. f5 Nd7 44. e6 Nf6 45. a4 Be2 46. e7 Bxh5 47. Nc8 Nd7
48. Nd6 Nf6 49. g4 Nxg4 50. e8=Q Bxe8 51. Nxe8 Ne3+ 52. Kf2 Nxf5 53. Nf6+ Kg7
54. Nxd5 Nxd4 55. Nxb6 Kf6 1/2-1/2

[Event "26th WSCC 2016 Open 65+"]
[Site "Marianske Lazne, Czech Republic - Hotel Cristal and Continental"]
[Date "2016.11.19"]
[Round "1.118"]
[White "Gudashvili, Gavazi"]
[Black "Bondar, Leonid"]
[Result "1/2-1/2"]
[WhiteElo "1617"]
[BlackElo "2019"]
[PlyCount "120"]
[EventDate "2016.11.19"]

1. e4 c6 2. d4 d5 3. Nd2 g6 4. Ngf3 Bg7 5. exd5 cxd5 6. Bb5+ Bd7 7. Qe2 Qb6 8.
Bxd7+ Nxd7 9. Nb3 Ngf6 10. O-O Ne4 11. Ng5 Ndf6 12. Nxe4 Nxe4 13. c3 a5 14. f3
a4 15. fxe4 axb3 16. a3 Rd8 17. Bg5 f6 18. Bh4 Qc6 19. exd5 Rxd5 20. Rae1 Rd7
21. Qe6 g5 22. Bg3 Qd5 23. Rf5 Qxe6 24. Rxe6 Kf7 25. Rb6 e6 26. Rfb5 e5 27.
Rxb7 Rhd8 28. Rxb3 exd4 29. cxd4 f5 30. Be5 Bxe5 31. dxe5 Ke6 32. Rxd7 Rxd7 33.
Rb5 Rd1+ 34. Kf2 Rd2+ 35. Kf1 f4 36. a4 Rd1+ 37. Ke2 Ra1 38. a5 g4 39. h3 h5
40. hxg4 hxg4 41. Kf2 Kf5 42. Ke2 Rg1 43. Kf2 Ra1 44. b4 Ra2+ 45. Ke1 Ra1+ 46.
Ke2 Ra2+ 47. Kd3 f3 48. e6+ Kxe6 49. gxf3 gxf3 50. Rh5 f2 51. Rh1 Kd5 52. Kc3
Re2 53. a6 Ra2 54. Rf1 Rxa6 55. Rxf2 Ra3+ 56. Kb2 Rh3 57. Rc2 Kd6 58. Rc4 Re3
59. Rc3 Rxc3 60. Kxc3 Kc6 1/2-1/2

[Event "26th WSCC 2016 Open 65+"]
[Site "Marianske Lazne, Czech Republic - Hotel Cristal and Continental"]
[Date "2016.11.19"]
[Round "1.119"]
[White "Diaz Franco, Francisco Jorge"]
[Black "Schramek, Kurt"]
[Result "1-0"]
[WhiteElo "2019"]
[BlackElo "1602"]
[PlyCount "59"]
[EventDate "2016.11.19"]

1. Nf3 c5 2. c4 g6 3. e3 Bg7 4. Be2 Nf6 5. O-O O-O 6. d4 cxd4 7. exd4 d6 8. Nc3
b6 9. b3 Bb7 10. Bb2 Nbd7 11. d5 Nc5 12. Re1 Bc8 13. Nd4 Bd7 14. Bf3 Rc8 15.
Rc1 Bh6 16. Rc2 Bg7 17. Rce2 Re8 18. h3 h5 19. Qd2 Kh7 20. Ne4 Ncxe4 21. Bxe4
Nxe4 22. Rxe4 e5 23. dxe6 fxe6 24. Nxe6 Bxe6 25. Bxg7 Kxg7 26. Rxe6 Qd7 27.
Qd4+ Kh7 28. Qf6 Rxe6 29. Rxe6 Kg8 30. Re7 1-0

[Event "26th WSCC 2016 Open 65+"]
[Site "Marianske Lazne, Czech Republic - Hotel Cristal and Continental"]
[Date "2016.11.19"]
[Round "1.120"]
[White "Rychtecky, Pavel"]
[Black "Racek, Jiri"]
[Result "0-1"]
[WhiteElo "1601"]
[BlackElo "2018"]
[PlyCount "100"]
[EventDate "2016.11.19"]

1. e4 c6 2. d4 d5 3. exd5 cxd5 4. c4 Nf6 5. Nc3 e6 6. Nf3 Be7 7. Bd3 O-O 8. O-O
dxc4 9. Bxc4 Nbd7 10. Re1 Nb6 11. Bd3 Nbd5 12. a3 b6 13. Bg5 h6 14. Bh4 Bb7 15.
Nxd5 Qxd5 16. Bxf6 Bxf6 17. Be4 Qd7 18. Qe2 Bxe4 19. Qxe4 Rac8 20. Rac1 Rxc1
21. Rxc1 Rd8 22. Rd1 Qd5 23. Qxd5 Rxd5 24. Rd2 g5 25. g4 Be7 26. Kf1 Kf8 27.
Ke2 Ke8 28. Rc2 Kd8 29. Ke3 Bd6 30. h3 Rb5 31. Nd2 Bf4+ 32. Ke2 Bxd2 33. Rxd2
Rb3 34. f3 Kd7 35. Kf2 Kd6 36. Ke2 Kd5 37. Kf2 f5 38. Ke2 f4 39. Kf2 a5 40. Kg2
a4 41. h4 b5 42. hxg5 hxg5 43. Kf2 b4 44. Re2 bxa3 45. bxa3 Rxa3 46. Re5+ Kxd4
47. Rxe6 Ra2+ 48. Kf1 a3 49. Re4+ Kd3 50. Re5 Rb2 0-1

[Event "26th WSCC 2016 Open 65+"]
[Site "Marianske Lazne, Czech Republic - Hotel Cristal and Continental"]
[Date "2016.11.19"]
[Round "1.121"]
[White "Harding, Tim D"]
[Black "Dvorsky, David"]
[Result "1-0"]
[WhiteElo "2015"]
[BlackElo "1594"]
[PlyCount "67"]
[EventDate "2016.11.19"]

1. e4 e5 2. Nf3 Nc6 3. d4 exd4 4. Nxd4 Nf6 5. Nxc6 bxc6 6. e5 Qe7 7. Qe2 Nd5 8.
c4 Nb6 9. Nc3 g6 10. Bf4 Qe6 11. Qe4 Rb8 12. Be2 Bg7 13. O-O O-O 14. Rfe1 Re8
15. c5 Nd5 16. Bc4 Bb7 17. Rad1 Qf5 18. Bxd5 cxd5 19. Qxf5 gxf5 20. Nb5 c6 21.
Nd6 Re6 22. Re3 Ba6 23. Nxf5 Bf8 24. Nd4 Bxc5 25. Nxe6 Bxe3 26. Bxe3 fxe6 27.
b3 Bc8 28. Rd4 Rb5 29. h4 c5 30. Rg4+ Kh8 31. Bg5 Kg7 32. Bf6+ Kh6 33. Rg8 Bb7
34. g4 1-0

[Event "26th WSCC 2016 Open 65+"]
[Site "Marianske Lazne, Czech Republic - Hotel Cristal and Continental"]
[Date "2016.11.19"]
[Round "1.122"]
[White "Zelenka, Pavel"]
[Black "Gromark, Per-Olof"]
[Result "0-1"]
[WhiteElo "1563"]
[BlackElo "2015"]
[PlyCount "68"]
[EventDate "2016.11.19"]

1. d4 Nf6 2. c4 e6 3. Nc3 d5 4. Nf3 Nbd7 5. Bg5 h6 6. Bh4 Be7 7. e3 O-O 8. Bd3
b6 9. cxd5 exd5 10. O-O Bb7 11. Qc2 Re8 12. Nd2 Rc8 13. f3 c5 14. Qa4 a6 15.
Rac1 b5 16. Qd1 Bd6 17. Bf2 Qc7 18. f4 Qa5 19. a3 cxd4 20. Nb3 Qb6 21. Nxd4 Ne4
22. Nxe4 dxe4 23. Be2 Rxc1 24. Qxc1 Rc8 25. Qd2 Nc5 26. Rd1 Be7 27. Nf5 Bf6 28.
Qb4 Nd3 29. Bxd3 exd3 30. e4 Qc6 31. Ng3 Qc2 32. Qd2 Qxd2 33. Rxd2 Rc1+ 34. Nf1
Bxe4 0-1

[Event "26th WSCC 2016 Open 65+"]
[Site "Marianske Lazne, Czech Republic - Hotel Cristal and Continental"]
[Date "2016.11.19"]
[Round "1.123"]
[White "Gerhard, Walter"]
[Black "Hartlaub, Marianne"]
[Result "1/2-1/2"]
[WhiteElo "2014"]
[BlackElo "1558"]
[PlyCount "69"]
[EventDate "2016.11.19"]

1. d4 d6 2. Nf3 Nf6 3. c4 c6 4. Nc3 Bg4 5. e4 Nbd7 6. Be2 e6 7. O-O Be7 8. Be3
O-O 9. Qc2 Qc7 10. Rac1 a6 11. a4 h6 12. h3 Bxf3 13. Bxf3 e5 14. dxe5 dxe5 15.
Rfd1 Rad8 16. Ne2 Bc5 17. Qc3 Bxe3 18. Qxe3 Qa5 19. Qc3 Qc5 20. b4 Qe7 21. c5
Nh7 22. Ng3 g6 23. Qb3 Ng5 24. Bg4 h5 25. Bxd7 Rxd7 26. Rxd7 Qxd7 27. Rd1 Qe7
28. Qd3 Ne6 29. Ne2 Rd8 30. Qc2 Nd4 31. Nxd4 exd4 32. f3 Qe5 33. Rd3 Kg7 34.
Qd2 Rd7 35. Qf2 1/2-1/2

[Event "26th WSCC 2016 Open 65+"]
[Site "Marianske Lazne, Czech Republic - Hotel Cristal and Continental"]
[Date "2016.11.19"]
[Round "1.124"]
[White "Tveten, Per"]
[Black "Goga, Frantisek"]
[Result "0-1"]
[WhiteElo "1523"]
[BlackElo "2014"]
[PlyCount "94"]
[EventDate "2016.11.19"]

1. e4 c5 2. Nf3 d6 3. h3 a6 4. a4 Nc6 5. c4 Nf6 6. Nc3 g6 7. d3 Bg7 8. g3 O-O
9. Bg2 Bd7 10. O-O Qc7 11. Nd5 Nxd5 12. cxd5 Nb4 13. Rb1 b5 14. d4 bxa4 15. e5
Bf5 16. Ra1 Bc2 17. Qd2 Bb3 18. Ne1 Rab8 19. Nd3 Nc2 20. exd6 exd6 21. Ra3 Nxa3
22. bxa3 Bxd4 23. Bb2 Bxb2 24. Nxb2 Qb7 25. Re1 Bxd5 26. Bxd5 Qxb2 27. Qa5 Qd4
28. Bc6 Rb2 29. Rf1 Rb3 30. Qxa6 Rxg3+ 31. Kh2 Rxa3 32. Qe2 Qf4+ 33. Kg2 Qg5+
34. Kh2 Qh4 35. f3 Qf4+ 36. Kg2 h5 37. Re1 h4 38. Qf2 Rd3 39. Re4 Qg5+ 40. Rg4
Qc1 41. Re4 Rd2 42. Re2 Rxe2 43. Qxe2 Rb8 44. Bb5 Qg5+ 45. Kf1 a3 46. Bc4 Rb1+
47. Kf2 Qg1# 0-1

[Event "26th WSCC 2016 Open 65+"]
[Site "Marianske Lazne, Czech Republic - Hotel Cristal and Continental"]
[Date "2016.11.19"]
[Round "1.125"]
[White "Doubleday, William G"]
[Black "Palla, Ivan"]
[Result "1-0"]
[WhiteElo "2013"]
[BlackElo "1514"]
[PlyCount "80"]
[EventDate "2016.11.19"]

1. d4 f5 2. c4 Nf6 3. Nc3 g6 4. Nf3 Bg7 5. g3 O-O 6. Bg2 c6 7. O-O Na6 8. a3 e6
9. Qd3 Nc7 10. Bf4 d6 11. e4 Nh5 12. Bg5 Qe8 13. exf5 h6 14. Bd2 gxf5 15. Rfe1
Qf7 16. Qe2 Bd7 17. c5 d5 18. Ne5 Bxe5 19. Qxe5 Ne8 20. Bxh6 Nhg7 21. Qe3 Nf6
22. f3 Rfe8 23. Bf4 b5 24. Ne2 a5 25. b3 a4 26. b4 Qg6 27. Bd6 Ngh5 28. Nf4
Nxf4 29. Qxf4 Nh5 30. Qh4 Nf6 31. Rf1 Kf7 32. g4 Rh8 33. Qg3 Rag8 34. Be5 Rh7
35. Rae1 Qg5 36. Bxf6 Qxf6 37. Qe5 Qxe5 38. Rxe5 f4 39. Rf2 Kf6 40. Bf1 Rgg7
1-0

[Event "26th WSCC 2016 Open 65+"]
[Site "Marianske Lazne, Czech Republic - Hotel Cristal and Continental"]
[Date "2016.11.19"]
[Round "1.126"]
[White "Kympergr, Vojtech"]
[Black "Kratschmer, Heinz"]
[Result "0-1"]
[WhiteElo "1506"]
[BlackElo "2008"]
[PlyCount "74"]
[EventDate "2016.11.19"]

1. e4 c5 2. Nf3 g6 3. Bc4 Nc6 4. O-O Bg7 5. Ng5 Ne5 6. c3 Nxc4 7. Qb3 Nd6 8.
Re1 c4 9. Qc2 Qc7 10. d4 cxd3 11. Qxd3 Qc4 12. Qf3 Qc6 13. Bf4 Nh6 14. Nd2 O-O
15. Rad1 Nc4 16. Nxc4 Qxc4 17. a3 d6 18. h4 Bg4 19. Qd3 Qxd3 20. Rxd3 f6 21.
Nf3 Bxf3 22. Rxf3 Ng4 23. Rg3 Ne5 24. h5 Kf7 25. h6 Bh8 26. Rh3 f5 27. exf5
gxf5 28. Bg5 Bf6 29. Bxf6 Kxf6 30. f4 Ng4 31. g3 Rac8 32. Kg2 Rc4 33. Kf3 Rg8
34. Reh1 Re4 35. Rh5 Re3+ 36. Kg2 Re2+ 37. Kf3 Rxb2 0-1

[Event "26th WSCC 2016 Open 65+"]
[Site "Marianske Lazne, Czech Republic - Hotel Cristal and Continental"]
[Date "2016.11.19"]
[Round "1.127"]
[White "Wheeler, Robert"]
[Black "Brda, Vlastimil"]
[Result "1-0"]
[WhiteElo "2007"]
[BlackElo "1234"]
[PlyCount "93"]
[EventDate "2016.11.19"]

1. d4 d5 2. c4 dxc4 3. e3 Be6 4. Na3 g6 5. Nf3 Bg7 6. Ng5 Bd7 7. Bxc4 Nh6 8.
O-O e6 9. e4 c6 10. Be3 b5 11. Bb3 O-O 12. Rc1 a5 13. Qd2 a4 14. Bd1 Na6 15.
Bf3 Qe7 16. Nh3 Qb4 17. Bxh6 Qxd2 18. Bxd2 Bxd4 19. Bc3 Bc5 20. Nc2 b4 21. Bd4
b3 22. axb3 axb3 23. Bxc5 Nxc5 24. Nd4 Nd3 25. Ra1 e5 26. Nxb3 Bxh3 27. gxh3
Nf4 28. h4 Rab8 29. Ra3 Rfd8 30. Rd1 Rdc8 31. Bg4 Rc7 32. Rd7 Rcc8 33. Bd1 h5
34. Rd2 Kg7 35. Ra7 Rb4 36. Nc5 Rd4 37. Rxd4 exd4 38. Rd7 d3 39. Nxd3 Ne6 40.
Bb3 Kf6 41. Bc4 c5 42. Kg2 Rf8 43. Bxe6 fxe6 44. Nxc5 g5 45. hxg5+ Ke5 46. f3
Kf4 47. Nxe6+ 1-0

[Event "26th WSCC 2016 Open 65+"]
[Site "Marianske Lazne, Czech Republic - Hotel Cristal and Continental"]
[Date "2016.11.19"]
[Round "1.128"]
[White "Ostrowski, Michal"]
[Black "Andreas, Guenter"]
[Result "0-1"]
[WhiteElo "1223"]
[BlackElo "2006"]
[PlyCount "52"]
[EventDate "2016.11.19"]

1. b4 e5 2. Bb2 Nf6 3. a3 e4 4. e3 b6 5. c4 Bb7 6. Nc3 Be7 7. Nge2 O-O 8. Ng3
Re8 9. d4 Bf8 10. Qc2 d6 11. d5 Qe7 12. Be2 c6 13. Nf5 Qd7 14. Ng3 Qe7 15. O-O
Nbd7 16. Rad1 g6 17. b5 cxd5 18. cxd5 Nc5 19. Bc4 Bg7 20. Nce2 Rac8 21. Nf4
Nfd7 22. Bxg7 Kxg7 23. Nfe2 Ne5 24. Qc3 Ncd3 25. Qd4 Rxc4 26. Qa1 Kg8 0-1

[Event "26th WSCC 2016 Open 65+"]
[Site "Marianske Lazne, Czech Republic - Hotel Cristal and Continental"]
[Date "2016.11.20"]
[Round "2.1"]
[White "Vechet, Stanislav"]
[Black "Vaisser, Anatoly"]
[Result "1/2-1/2"]
[WhiteElo "2149"]
[BlackElo "2505"]
[PlyCount "123"]
[EventDate "2016.11.19"]

1. d4 Nf6 2. c4 c5 3. d5 b5 4. cxb5 a6 5. bxa6 g6 6. Nc3 Bg7 7. e4 O-O 8. e5
Ne8 9. Nf3 d6 10. Bf4 Nd7 11. exd6 Nxd6 12. Be2 Bxa6 13. O-O Qb6 14. Rb1 Rfb8
15. Bxa6 Rxa6 16. Qc2 Qb4 17. Bxd6 exd6 18. Rfc1 Nb6 19. a3 Qc4 20. Nd2 Qf4 21.
Qd3 c4 22. Qe3 Qxe3 23. fxe3 Bh6 24. Kf2 Re8 25. Re1 f5 26. Rbd1 Ra5 27. Re2
Bg7 28. Ndb1 Nd7 29. e4 Ne5 30. exf5 Rf8 31. Kg1 gxf5 32. g3 f4 33. gxf4 Rxf4
34. Re4 Rf5 35. Nd2 Rg5+ 36. Kh1 Nd3 37. Rf1 Bxc3 38. bxc3 Raxd5 39. h4 Rgf5
40. Rxf5 Rxf5 41. Rxc4 d5 42. Rd4 Nf2+ 43. Kg1 Nd1 44. c4 Nc3 45. Kg2 Ne2 46.
Rg4+ Kf7 47. cxd5 Nf4+ 48. Kh2 Nxd5 49. Ne4 Nf6 50. Nxf6 Kxf6 51. Kg3 Rc5 52.
Rf4+ Ke6 53. a4 h5 54. Rb4 Rc1 55. a5 Rg1+ 56. Kf2 Ra1 57. Rb5 Kf6 58. Rxh5 Ra4
59. Ke3 Kg6 60. Rg5+ Kf6 61. Rh5 Kg6 62. Rg5+ 1/2-1/2